Anuario de medicina y cirugía : revista semestral dedicada al examen retrospectivo de todos los descubrimientos... / (Record no. 2511)

MARC details
000 -LEADER
campo de control de longitud fija 00891nas a2200253 i 4500
001 - NÚMERO DE CONTROL
campo de control 2511
003 - IDENTIFICADOR DE NÚMERO DE CONTROL
campo de control ES-MaACL
005 - FECHA Y HORA DE LA ÚLTIMA TRANSACCIÓN
campo de control 20250807062542.0
007 - CAMPO FIJO DE DESCRIPCIÓN FÍSICA--INFORMACIÓN GENERAL
campo de control de longitud fija t|
008 - DATOS DE LONGITUD FIJA--INFORMACIÓN GENERAL
campo de control de longitud fija 170426d18861892sp f| | 1 ||pa d
022 ## - NÚMERO INTERNACIONAL NORMALIZADO PARA PUBLICACIONES SERIADAS
Número Internacional Normalizado para Publicaciones Seriadas 0213-9960
080 ## - NÚMERO DE LA CLASIFICACIÓN DECIMAL UNIVERSAL
Número de la Clasificación Decimal Universal 61
245 00 - MENCIÓN DEL TÍTULO
Título Anuario de medicina y cirugía : revista semestral dedicada al examen retrospectivo de todos los descubrimientos... /
Mención de responsabilidad, etc. tomado del Retrospect Medicine por Enrique Camps y Cazorla.
260 ## - PUBLICACIÓN, DISTRIBUCIÓN, ETC.
Lugar de publicación, distribución, etc. Madrid :
Nombre del editor, distribuidor, etc. Carlos Bailly-Bailliere,
Fecha de publicación, distribución, etc. 1886-1892.
300 ## - DESCRIPCIÓN FÍSICA
Extensión 1 v.il. ;
Dimensiones 17 cm.
310 ## - PERIODICIDAD ACTUAL
Periodicidad actual Semestral
362 0# - FECHAS DE PUBLICACIÓN Y/O DESIGNACIÓN SECUENCIAL
Fecha de publicación y/o designación secuencial 2. serie, t. 1 (en./jun. 1885)-2. serie, t. 14 (jul./dic. 1891)
650 17 - PUNTO DE ACCESO ADICIONAL DE MATERIA--TÉRMINO DE MATERIA
Término de materia o nombre geográfico como elemento de entrada Medicina
Fuente del encabezamiento o término embne
9 (RLIN) 14891
700 1# - ENTRADA AGREGADA--NOMBRE PERSONAL
Nombre de persona Camps y Rocha, Enrique.
9 (RLIN) 126304
780 00 - ENLACE A UN TÍTULO/ENTRADA ANTERIOR
Título Anuario de medicina y cirugía prácticas
852 ## - LOCALIZACIÓN
Ubicación ES-MaACL
Número de control de estantería B-11687
Nota libre .- Legado de Saenz Diez
866 #0 - MENCIÓN TEXTUAL DE FONDOS--UNIDAD BIBLIOGRÁFICA BÁSICA
Fondos 1885.
Holdings
Estatus retirado Estado de pérdida Estado de daño No para préstamo Colección Biblioteca de origen Biblioteca actual Ubicación en estantería Fecha de adquisición Fuente de adquisición Total de préstamos Signatura topográfica completa Código de barras Visto por última vez Precio de reemplazo Tipo de ítem Koha
        Periódicos y Revistas Biblioteca del Ateneo de Madrid Biblioteca del Ateneo de Madrid Sala Pardo Bazán 26/04/2017     B-11687 1197453 23/02/2023 23/02/2023 Revista